Most Popular Sports by US States - Statistics

General Stats
  • This quiz has been taken 220 times
  • The average score is 34 of 51
Answer Stats
Hint Answer % Correct
Colarado Pro Football
99%
Delaware Pro Football
99%
Indiana Pro Football
99%
Maryland Pro Football
99%
Minnesota Pro Football
99%
North Dakota Pro Football
99%
Rhode Island Pro Football
99%
South Dakota Pro Football
99%
Texas Pro Football
99%
Virginia Pro Football
99%
Washington DC Pro Football
99%
Wisconsin Pro Football
99%
Wyoming Pro Football
99%
Illinois Pro Baseball
97%
Maine Pro Baseball
97%
Massachusetts Pro Baseball
97%
Missouri Pro Baseball
97%
New Hampshire Pro Baseball
97%
New Jersey Pro Baseball
97%
New York Pro Baseball
97%
Vermont Pro Baseball
97%
Arizona Pro Basketball
96%
Calfiornia Pro Basketball
96%
Alabama College Football
45%
Arkansas College Football
45%
Florida College Football
45%
Georgia College Football
45%
Hawaii College Football
45%
Idaho College Football
45%
Iowa College Football
45%
Louisiana College Football
45%
Michigan College Football
45%
Mississipi College Football
45%
Montana College Football
45%
Nebraska College Football
45%
Ohio College Football
45%
Oklahoma College Football
45%
Oregon College Football
45%
Pennsylvania College Football
45%
South Carolina College Football
45%
Tennessee College Football
45%
Utah College Football
45%
West Virginia College Football
45%
Conneticut College Basketball
43%
Kansas College Basketball
43%
Kentucky College Basketball
43%
New Mexico College Basketball
43%
North Carolina College Basketball
43%
Alaska College Ice Hockey
6%
Washington Pro Baseball
2%
Nevada Pro Basketball & Pro Football
1%
No matching quizzes found
Score Distribution
Percent of People with Each Score
Percentile by Number Answered
Your Score History
You have not taken this quiz